Journal on Image and Video Processing (Запис № 579962)
[ простий вигляд ]
| 000 -LEADER | |
|---|---|
| fixed length control field | 02256nas a22003375i 4500 |
| 001 - CONTROL NUMBER | |
| control field | 3091-454X |
| 003 - CONTROL NUMBER IDENTIFIER | |
| control field | DE-He213 |
| 005 - DATE AND TIME OF LATEST TRANSACTION | |
| control field | 20260304140736.0 |
| 007 - PHYSICAL DESCRIPTION FIXED FIELD--GENERAL INFORMATION | |
| fixed length control field | cr nn 008mamaa |
| 008 - FIXED-LENGTH DATA ELEMENTS--GENERAL INFORMATION | |
| fixed length control field | 150723s||||||||sz uu poo|||||| b|EN |d |
| 022 ## - INTERNATIONAL STANDARD SERIAL NUMBER | |
| International Standard Serial Number | 3091-454X |
| 024 7# - OTHER STANDARD IDENTIFIER | |
| Standard number or code | 10.1007/13640.1687-5281 |
| Source of number or code | doi |
| 210 10 - ABBREVIATED TITLE | |
| Abbreviated title | J. Image Video Process. |
| 245 10 - TITLE STATEMENT | |
| Title | Journal on Image and Video Processing |
| Medium | [electronic resource] / |
| Statement of responsibility, etc | edited by Giuseppe Valenzise, Jean-Luc Dugelay. |
| 264 #1 - | |
| -- | Cham : |
| -- | Springer International Publishing : |
| -- | Imprint: Springer. |
| 300 ## - PHYSICAL DESCRIPTION | |
| Other physical details | online resource. |
| 520 ## - SUMMARY, ETC. | |
| Summary, etc | Journal on Image and Video Processing is intended for researchers from both academia and industry, who are active in the multidisciplinary field of image and video processing. The scope of the journal covers all theoretical and practical aspects of the domain, from basic research to development of application; in particular in relation to AI-based methods & non-conventional and emerging imaging systems. Contributed articles on image and video processing may be focused on specific techniques (e.g., neural networks, wavelets, mathematical morphology), diverse functionalities or services (e.g., classification, compression, recognition, restoration, segmentation, quality assessment), within the context of various activity sectors (e.g., multimedia, medical, aerial, robotics, security, communications, arts) employing diverse data formats (e.g., black and white, gray scale, color, multi spectral, infra red, thermal, event-based, video, stereo, 3-D). The journal is an Open Access journal since 2007. |
| 650 #0 - SUBJECT ADDED ENTRY--TOPICAL TERM | |
| Topical term or geographic name as entry element | Signal processing. |
| 650 #0 - SUBJECT ADDED ENTRY--TOPICAL TERM | |
| Topical term or geographic name as entry element | Computer vision. |
| 650 #0 - SUBJECT ADDED ENTRY--TOPICAL TERM | |
| Topical term or geographic name as entry element | Biometric identification. |
| 650 #0 - SUBJECT ADDED ENTRY--TOPICAL TERM | |
| Topical term or geographic name as entry element | Pattern recognition systems. |
| 9 (RLIN) | 1338 |
| 650 14 - SUBJECT ADDED ENTRY--TOPICAL TERM | |
| Topical term or geographic name as entry element | Signal, Speech and Image Processing. |
| 650 24 - SUBJECT ADDED ENTRY--TOPICAL TERM | |
| Topical term or geographic name as entry element | Computer Vision. |
| 650 24 - SUBJECT ADDED ENTRY--TOPICAL TERM | |
| Topical term or geographic name as entry element | Biometrics. |
| 650 24 - SUBJECT ADDED ENTRY--TOPICAL TERM | |
| Topical term or geographic name as entry element | Automated Pattern Recognition. |
| 9 (RLIN) | 1343 |
| 700 1# - ADDED ENTRY--PERSONAL NAME | |
| Personal name | Valenzise, Giuseppe. |
| Relator term | editor. |
| Relator code | edt |
| -- | http://id.loc.gov/vocabulary/relators/edt |
| 9 (RLIN) | 24243 |
| 700 1# - ADDED ENTRY--PERSONAL NAME | |
| Personal name | Dugelay, Jean-Luc. |
| Relator term | editor. |
| Relator code | edt |
| -- | http://id.loc.gov/vocabulary/relators/edt |
| 9 (RLIN) | 24244 |
| 710 2# - ADDED ENTRY--CORPORATE NAME | |
| Corporate name or jurisdiction name as entry element | SpringerLink (Online service) |
| 856 40 - ELECTRONIC LOCATION AND ACCESS | |
| Uniform Resource Identifier | <a href="https://doi.org/10.1007/13640.1687-5281">https://doi.org/10.1007/13640.1687-5281</a> |
| Public note | Open Access |
Немає доступних примірників.